| 000 | 00442nam a2200169 a 4500 | ||
|---|---|---|---|
| 005 | 20140310183147.0 | ||
| 008 | 020826s19uu xx 00 eng d | ||
| 020 | _a0671742760 | ||
| 050 |
_aPS 3553.U75 _b.C986 1991 |
||
| 100 | _aCussler, Clive | ||
| 245 |
_aDragon / _cClive Cussler. |
||
| 260 |
_aUSA : _bClive Cussler Enterprises Inc., _c1991. |
||
| 300 |
_a542 p. : _c18 cm. |
||
| 650 | _aFiction | ||
| 942 |
_cBK _2lcc |
||
| 999 |
_c19565 _d19565 |
||